| 000 | 00452nam a22001937a 4500 | ||
|---|---|---|---|
| 005 | 20230529155523.0 | ||
| 008 | 230523b |||||||| |||| 00| 0 eng d | ||
| 020 | _a9788126523924 | ||
| 082 |
_a620.106 _bMUN-F |
||
| 100 | _aMunson | ||
| 245 | _aFundamentals of Fluid Mechanics | ||
| 250 | _a6th ed. | ||
| 260 |
_aU.K _bJohn Wiley _c2012 |
||
| 300 | _a723 | ||
| 500 | _aIncludes Index | ||
| 650 | _aEngineering | ||
| 700 | _aMunson | ||
| 999 |
_c18395 _d18395 |
||